The Third Wave : (Record no. 589)
[ view plain ]
| 000 -LEADER | |
|---|---|
| fixed length control field | 00509nam a22001577a 4500 |
| 005 - DATE AND TIME OF LATEST TRANSACTION | |
| control field | 20240417065822.0 |
| 008 - FIXED-LENGTH DATA ELEMENTS--GENERAL INFORMATION | |
| fixed length control field | 240321b |||||||| |||| 00| 0 eng d |
| 020 ## - INTERNATIONAL STANDARD BOOK NUMBER | |
| ISBN | 8122004970 |
| 082 ## - DDC Classification | |
| DDC Edition Number | 22 |
| Class No. | 323.94. |
| Item Number - Author Mark | THE. |
| 245 ## - TITLE STATEMENT | |
| Title | The Third Wave : |
| Remainder of title | Governance and public Administration in Sri Lanka / |
| Statement of responsibility, etc. | International Centre for Ethnic Studies. |
| 260 ## - PUBLICATION, DISTRIBUTION, ETC. | |
| Place of publication, distribution, etc. | Colombo ; |
| Name of publisher, distributor, etc. | International Centre for ethnic studies / |
| Date of publication, distribution, etc. | 1997. |
| 300 ## - PHYSICAL DESCRIPTION | |
| Extent (e.g. Volumes, Pages etc.) | xiv, 452 p. |
| 650 ## - SUBJECT ADDED ENTRY--TOPICAL TERM | |
| Topical term or geographic name entry element | Political. |
| 700 ## - ADDED ENTRY--PERSONAL NAME | |
| Personal name | Somasundram, m. |
| Relator term (Role) | Editor |
| 942 ## - Koha item type (Biblio) | |
| Koha item type | Books in Stacks (Lending) |
| Lost status | Damaged status | Collection code | Home library | Current library | Date acquired | Full call number | Accession Number | Item type |
|---|---|---|---|---|---|---|---|---|
| Lending | WERC Library | WERC Library | 03/21/2024 | 323.94. THE. | 6588 | Books in Stacks (Lending) |
